000
00306nam a22001337a 4500
003
SGT
020
_a
9789386819253
082
_a
615
_b
RAV
100
_a
RAVI SHANKAR K
245
_a
CLINICAL PHARMACY AND PHARMACOTHERAPEUTICS
260
_a
INDIA
_b
PHARMA MED
_c
2018
300
_a
1134
942
_2
ddc
_c
BK
999
_c
34484
_d
34484